000 01667cam a2200253 4500
001 ##L133073
002 ##9216
008 060407n2005 000 0 eng u
020 _a1904388582
035 _a(Sirsi) u133073
041 0 _aeng
050 0 4 _a333.33 $2 18
100 1 _aElder, Ben
245 0 0 _aHome inspectors' practice
260 _aReading
_bCollege of Estate Management
_c2005
300 _a1 v (loose - leaf)
_btables
_c31cm. + 1 book
350 _a125
490 0 _a(College of Estate Management Distance Learning Study Material for Licensed Home Inspectors
_vLHI4)
505 2 _aBackground to the legislation Housing Act 2004 -- Part 5 of the Housing Act -- The qualification, the National Occupational Standards and the licensing process -- The duties, roles and responsibilities of a Home Inspector -- The terms and conditions of engagement -- The Home Condition Report -- The National Occupational Standards for Home Inspectors -- Guidance documentation -- Energy rating.
520 _aFocuses on the specific issues associated with the role of Licensed Home Inspector. It provides a background to the legislation and introduces terms of engagement and guidance relating to Home Inspectors. Non-compulsory tasks are incorporated into the text which are designed to be included in portfolios of evidence to assessment centres, and help to demonstrate knowledge and understanding of the relevant parts of the National Occupational Standards.
520 _aIncludes "Home Inspector's Handbook" (ISBN 1842192035)
690 _aPROPERTY-RESIDENTIAL PROPERTY-ACQUISITION AND DISPOSAL OF RESIDENTIAL PROPERTY-HOME BUYING REFORM
942 _n0
999 _c105318
_d105318